[Event "GER Cup Net V4 U2400"]
[Site "Playchess.com INT"]
[Date "2020.05.31"]
[Round "6"]
[White "Bausch, Thomas"]
[Black "Vatter, Hans Joachim"]
[Result "0-1"]
[WhiteElo "1814"]
[BlackElo "2071"]
[PlyCount "53"]
[EventDate "2020.05.31"]
[EventType "swiss (blitz)"]
[EventRounds "9"]
[EventCountry "GER"]
[SourceTitle "EXT 2021"]
[Source "ChessBase"]
[SourceDate "2020.10.23"]
[SourceVersion "1"]
[SourceVersionDate "2020.10.23"]
[SourceQuality "1"]

1. c4 e5 2. Nc3 Bb4 3. e4 Bxc3 4. dxc3 d6 5. Nf3 Nf6 6. Bd3 0-0 7. h3 Nbd7 8. Be3 a6 9. Qe2 Re8 10. 0-0-0 b5 11. Kb1 Bb7 12. Nd2 bxc4 13. Nxc4 Bxe4 14. Bxe4 Nxe4 15. Qf3 Nec5 16. Nxd6 cxd6 17. Rxd6 Qc7 18. Rhd1 Nf6 19. Qg3 Nce4 20. Qh4 Nxd6 21. Bg5 Nde4 22. f3 Nxg5 23. Qxg5 Rab8 24. h4 Qxc3 25. Rd2 e4 26. fxe4 Nxe4 27. Qd5 0-1

[Event "GER Cup Net V4 U2400"]
[Site "Playchess.com INT"]
[Date "2020.05.31"]
[Round "5"]
[White "Frick, Christoph"]
[Black "Bausch, Thomas"]
[Result "1-0"]
[WhiteElo "1882"]
[BlackElo "1814"]
[PlyCount "67"]
[EventDate "2020.05.31"]
[EventType "swiss (blitz)"]
[EventRounds "9"]
[EventCountry "GER"]
[SourceTitle "EXT 2021"]
[Source "ChessBase"]
[SourceDate "2020.10.23"]
[SourceVersion "1"]
[SourceVersionDate "2020.10.23"]
[SourceQuality "1"]

1. e4 c5 2. Nc3 Nc6 3. g3 g6 4. Bg2 Bg7 5. d3 d6 6. Nh3 e6 7. 0-0 Nge7 8. Be3 0-0 9. Qd2 Rb8 10. Bh6 Nd4 11. Rae1 f6 12. Bxg7 Kxg7 13. Nd1 b5 14. c3 Ndc6 15. f4 b4 16. Ne3 bxc3 17. bxc3 Qa5 18. g4 Ba6 19. Rf2 Rb7 20. g5 f5 21. exf5 Nxf5 22. Nxf5+ exf5 23. Bxc6 Rc7 24. Bd5 Rb8 25. Rfe2 Bb5 26. Nf2 Bc6 27. Re7+ Kf8 28. Rxc7 Qxc7 29. Bxc6 Qxc6 30. Qe3 Rb7 31. Qe6 Rf7 32. Rb1 Kg7 33. Rb8 Qf3 34. Qe8 1-0

[Event "GER Cup Net V3 U2400"]
[Site "Playchess.com INT"]
[Date "2020.05.27"]
[Round "5"]
[White "Bausch, Thomas"]
[Black "Commercon, Simon"]
[Result "1/2-1/2"]
[WhiteElo "1831"]
[BlackElo "2015"]
[PlyCount "83"]
[EventDate "2020.05.27"]
[EventType "swiss (blitz)"]
[EventRounds "9"]
[EventCountry "GER"]
[SourceTitle "EXT 2021"]
[Source "ChessBase"]
[SourceDate "2020.10.23"]
[SourceVersion "1"]
[SourceVersionDate "2020.10.23"]
[SourceQuality "1"]

1. d4 Nf6 2. c4 e6 3. Nc3 Bb4 4. Qc2 0-0 5. Nf3 b6 6. e4 Bb7 7. Bd3 h6 8. 0-0 Bxc3 9. bxc3 d6 10. Qe2 Nc6 11. Rd1 e5 12. c5 bxc5 13. dxe5 Nxe5 14. Nxe5 dxe5 15. Ba3 Qe7 16. Qe3 Rfd8 17. Bxc5 Qe6 18. Bc2 a5 19. Bb3 Qc6 20. f3 a4 21. Bc4 Ba6 22. Bxa6 Qxa6 23. Be7 Rxd1+ 24. Rxd1 Qe6 25. Qc5 Qxa2 26. Bxf6 gxf6 27. Qxc7 Qe2 28. Qd6 a3 29. Ra1 a2 30. Qd5 Qe3+ 31. Kh1 Qa7 32. h4 Qa3 33. Qb7 Kg7 34. Kh2 Qxc3 35. Qxa8 Qxa1 36. Qc8 Qb2 37. Qg4+ Kf8 38. Qc8+ Kg7 39. Qg4+ Kh8 40. Qc8+ Kh7 41. Qf5+ Kg7 42. Qg4+ 1/2-1/2

[Event "GER Cup Net V2 U2400"]
[Site "Playchess.com INT"]
[Date "2020.05.22"]
[Round "1"]
[White "Bausch, Thomas"]
[Black "Lagunow, Raphael"]
[Result "0-1"]
[WhiteElo "1885"]
[BlackElo "2076"]
[PlyCount "80"]
[EventDate "2020.05.22"]
[EventType "swiss (blitz)"]
[EventRounds "9"]
[EventCountry "GER"]
[SourceTitle "EXT 2021"]
[Source "ChessBase"]
[SourceDate "2020.10.23"]
[SourceVersion "1"]
[SourceVersionDate "2020.10.23"]
[SourceQuality "1"]

1. e4 c5 2. Nc3 Nc6 3. g3 g6 4. Bg2 Bg7 5. d3 d6 6. Be3 e5 7. Qd2 Nge7 8. Nge2 0-0 9. 0-0 Nd4 10. Nd1 Bg4 11. f3 Be6 12. Nc1 f5 13. c3 Ndc6 14. f4 b6 15. exf5 gxf5 16. fxe5 dxe5 17. Bg5 Rc8 18. Bh6 Ng6 19. Bxg7 Kxg7 20. Ne2 Qd7 21. Ne3 Nce7 22. a4 Rcd8 23. d4 cxd4 24. cxd4 exd4 25. Nd1 d3 26. Nf4 Qd4+ 27. Kh1 Nxf4 28. Rxf4 Qf6 29. Nc3 Ng6 30. Rf3 Ne5 31. Re3 Nc4 32. Qe1 Nxe3 33. Qxe3 Bb3 34. a5 d2 35. axb6 axb6 36. Ra7+ Rf7 37. Rxf7+ Kxf7 38. Bf3 d1Q+ 39. Nxd1 Bxd1 40. Bc6 Qxc6+ 0-1

[Event "GER Cup Net V2 U2400"]
[Site "Playchess.com INT"]
[Date "2020.05.22"]
[Round "3"]
[White "De Reuter, Uwe"]
[Black "Bausch, Thomas"]
[Result "1-0"]
[WhiteElo "1934"]
[BlackElo "1865"]
[PlyCount "63"]
[EventDate "2020.05.22"]
[EventType "swiss (blitz)"]
[EventRounds "9"]
[EventCountry "GER"]
[SourceTitle "EXT 2021"]
[Source "ChessBase"]
[SourceDate "2020.10.23"]
[SourceVersion "1"]
[SourceVersionDate "2020.10.23"]
[SourceQuality "1"]

1. d4 Nf6 2. c4 e6 3. Nc3 d5 4. Bg5 Be7 5. e3 c6 6. cxd5 exd5 7. Bd3 0-0 8. Nge2 Re8 9. Qc2 h6 10. Bh4 Nbd7 11. f3 Bf8 12. Bf2 g6 13. g4 Bg7 14. 0-0-0 c5 15. h4 c4 16. Bxg6 fxg6 17. Qxg6 Nf8 18. Qc2 Bxg4 19. fxg4 Nxg4 20. Nf4 Nxe3 21. Bxe3 Rxe3 22. Nfxd5 Rg3 23. h5 b5 24. Qe4 b4 25. Ne7+ Kh8 26. Ne2 Rg5 27. Ng6+ Nxg6 28. hxg6 c3 29. bxc3 bxc3 30. Nf4 Qa5 31. Qxa8+ Bf8 32. Qxf8# 1-0

[Event "GER Cup Net V1 U2400"]
[Site "Playchess.com INT"]
[Date "2020.05.19"]
[Round "7"]
[White "Bausch, Thomas"]
[Black "Hagner, Bennet"]
[Result "1-0"]
[WhiteElo "1913"]
[BlackElo "1893"]
[PlyCount "61"]
[EventDate "2020.05.19"]
[EventType "swiss (blitz)"]
[EventRounds "9"]
[EventCountry "GER"]
[SourceTitle "EXT 2021"]
[Source "ChessBase"]
[SourceDate "2020.10.23"]
[SourceVersion "1"]
[SourceVersionDate "2020.10.23"]
[SourceQuality "1"]

1. e4 e5 2. Nf3 Nc6 3. c4 Bc5 4. Nc3 Nf6 5. d3 Ng4 6. d4 exd4 7. Na4 d6 8. Be2 d3 9. Bxd3 Nxf2 10. Qe2 Nxh1 11. Nxc5 dxc5 12. Be3 Nd4 13. Bxd4 cxd4 14. 0-0-0 c5 15. Rxh1 Qa5 16. Kb1 Bg4 17. e5 0-0-0 18. Rf1 Rhe8 19. Qe4 Bxf3 20. Rxf3 f6 21. e6 Qb6 22. Qxh7 Rxe6 23. Bf5 g5 24. Qf7 Rdd6 25. Qxf6 Kc7 26. Qg7+ Rd7 27. Qxg5 Re1+ 28. Kc2 Re2+ 29. Kd1 Qxb2 30. Rb3 Qxa2 31. Qg3+ 1-0

[Event "GER Cup Net V1 U2400"]
[Site "Playchess.com INT"]
[Date "2020.05.19"]
[Round "8"]
[White "Beesk, Kevin"]
[Black "Bausch, Thomas"]
[Result "1-0"]
[WhiteElo "1822"]
[BlackElo "1926"]
[PlyCount "121"]
[EventDate "2020.05.19"]
[EventType "swiss (blitz)"]
[EventRounds "9"]
[EventCountry "GER"]
[SourceTitle "EXT 2021"]
[Source "ChessBase"]
[SourceDate "2020.10.23"]
[SourceVersion "1"]
[SourceVersionDate "2020.10.23"]
[SourceQuality "1"]

1. Nc3 Nf6 2. e4 e5 3. Nf3 Nc6 4. a3 Be7 5. d4 exd4 6. Nxd4 d5 7. Nxc6 bxc6 8. e5 Ne4 9. Nxe4 dxe4 10. Bf4 Bf5 11. Bc4 Bc5 12. 0-0 Qxd1 13. Raxd1 Ke7 14. e6 Bxe6 15. Bxe6 Kxe6 16. Bxc7 Rac8 17. Ba5 Bb6 18. Bc3 Rhg8 19. Rfe1 f5 20. Bd4 Bxd4 21. Rxd4 Rgd8 22. Red1 Rxd4 23. Rxd4 Ke5 24. Rd7 f4 25. Re7+ Kf5 26. g4+ Kxg4 27. Rxe4 Rd8 28. Kg2 Rd2 29. Rc4 c5 30. h3+ Kf5 31. Rxc5+ Ke4 32. Rc4+ Ke5 33. h4 h6 34. h5 Kf5 35. Kf3 Kg5 36. Rc5+ Kh4 37. b4 Rd4 38. Rf5 Rd2 39. Rc5 Rd4 40. b5 Ra4 41. Rc7 Kg5 42. Rxg7+ Kf5 43. Rf7+ Kg5 44. Rc7 Rxa3+ 45. c3 Ra2 46. Rc5+ Kh4 47. Kxf4 Rxf2+ 48. Ke3 Rc2 49. Kd3 Rb2 50. c4 Kg4 51. Re5 Ra2 52. Kd4 a5 53. b6 a4 54. b7 Rd2+ 55. Kc5 Rd8 56. Kb6 a3 57. Ra5 Rd3 58. Kc7 Rb3 59. b8Q Rxb8 60. Kxb8 a2 61. Rxa2 1-0

[Event "GER-ch Net Amateur Gr-A Final"]
[Site "Playchess.com INT"]
[Date "2020.04.18"]
[Round "12"]
[White "Bausch, Thomas"]
[Black "Colbow, Collin"]
[Result "1-0"]
[WhiteElo "1934"]
[BlackElo "2033"]
[PlyCount "131"]
[EventDate "2020.04.18"]
[EventType "swiss (blitz)"]
[EventRounds "13"]
[EventCountry "GER"]
[SourceTitle "CBM 195 Extra"]
[Source "ChessBase"]
[SourceDate "2020.05.31"]
[SourceVersion "1"]
[SourceVersionDate "2020.05.31"]
[SourceQuality "1"]

1. e4 c5 2. Nf3 d6 3. d4 cxd4 4. Nxd4 Nf6 5. Nc3 Nc6 6. Bg5 e6 7. Qd2 a6 8. 0-0-0 Bd7 9. f4 b5 10. Nxc6 Bxc6 11. e5 dxe5 12. Qxd8+ Rxd8 13. Rxd8+ Kxd8 14. fxe5 h6 15. Bxf6+ gxf6 16. exf6 Bc5 17. Bd3 Rg8 18. Be4 Be3+ 19. Kb1 Bxe4 20. Nxe4 Rxg2 21. Rd1+ Kc7 22. a4 Rxh2 23. axb5 axb5 24. Nd6 Rf2 25. c3 b4 26. c4 Rxf6 27. Ne8+ Kc6 28. Nxf6 h5 29. Rh1 h4 30. Kc2 Bg5 31. Ne4 Be7 32. Rf1 f5 33. Nf2 Kc5 34. Kd3 e5 35. b3 e4+ 36. Nxe4+ fxe4+ 37. Kxe4 Bd6 38. Rf5+ Kc6 39. Rh5 Bg3 40. Rh6+ Kc5 41. Rh5+ Kc6 42. Rb5 h3 43. Kf3 h2 44. Rh5 Bd6 45. Kg2 Bf4 46. Rxh2 Bxh2 47. Kxh2 Kc5 48. Kg3 Kd4 49. Kf4 Kc3 50. c5 Kxb3 51. c6 Ka2 52. c7 b3 53. c8Q b2 54. Qa6+ Kb1 55. Ke3 Kc2 56. Qd3+ Kc1 57. Qd2+ Kb1 58. Kd3 Ka1 59. Qa5+ Kb1 60. Qe1+ Ka2 61. Kc2 Ka3 62. Qb1 Ka4 63. Qxb2 Ka5 64. Kc3 Ka6 65. Kc4 Ka5 66. Qb5# 1-0

[Event "GER-ch Net Amateur Gr-A Final"]
[Site "Playchess.com INT"]
[Date "2020.04.18"]
[Round "3"]
[White "Bausch, Thomas"]
[Black "Wichmann, Cliff"]
[Result "0-1"]
[WhiteElo "1934"]
[BlackElo "2155"]
[PlyCount "48"]
[EventDate "2020.04.18"]
[EventType "swiss (blitz)"]
[EventRounds "13"]
[EventCountry "GER"]
[SourceTitle "CBM 195 Extra"]
[Source "ChessBase"]
[SourceDate "2020.05.31"]
[SourceVersion "1"]
[SourceVersionDate "2020.05.31"]
[SourceQuality "1"]

1. e4 e6 2. d4 d5 3. Nc3 Nf6 4. e5 Nfd7 5. f4 c5 6. Nf3 Nc6 7. Be3 Be7 8. a3 0-0 9. Bb5 a6 10. Bxc6 bxc6 11. 0-0 Qc7 12. dxc5 Nxc5 13. Nd4 Nd7 14. Nf3 c5 15. Bf2 a5 16. Re1 Rb8 17. b3 c4 18. f5 cxb3 19. fxe6 fxe6 20. Qd2 bxc2 21. Qxc2 Rxf3 22. gxf3 Nxe5 23. Kg2 Ng6 24. Qd3 Nf4+ 0-1

[Event "GER-ch Net Amateur Gr-A Final"]
[Site "Playchess.com INT"]
[Date "2020.04.18"]
[Round "4"]
[White "Hoffmann, Hendrik"]
[Black "Bausch, Thomas"]
[Result "1-0"]
[WhiteElo "2151"]
[BlackElo "1934"]
[PlyCount "54"]
[EventDate "2020.04.18"]
[EventType "swiss (blitz)"]
[EventRounds "13"]
[EventCountry "GER"]
[SourceTitle "CBM 195 Extra"]
[Source "ChessBase"]
[SourceDate "2020.05.31"]
[SourceVersion "1"]
[SourceVersionDate "2020.05.31"]
[SourceQuality "1"]

1. e4 c5 2. Nf3 d6 3. d4 cxd4 4. Nxd4 Nf6 5. Nc3 a6 6. Bg5 e6 7. f4 h6 8. Bh4 Qb6 9. Qd2 Qxb2 10. Nb3 Qa3 11. Be2 Nc6 12. 0-0 Be7 13. Kh1 Qb4 14. a3 Qb6 15. Rae1 Bd7 16. Bf3 0-0 17. e5 Ne4 18. Nxe4 Bxh4 19. g3 d5 20. Nec5 Rfd8 21. gxh4 Be8 22. Rg1 a5 23. f5 Kh7 24. fxe6 a4 25. exf7 Bxf7 26. e6 Be8 27. Qc3 axb3 1-0

[Event "GER-ch Net Amateur Gr-A Vor3"]
[Site "Playchess.com INT"]
[Date "2020.04.16"]
[Round "7"]
[White "Bausch, Thomas"]
[Black "Kalthoff, Peter"]
[Result "1-0"]
[WhiteElo "1934"]
[BlackElo "1826"]
[PlyCount "61"]
[EventDate "2020.04.16"]
[EventType "swiss (blitz)"]
[EventRounds "9"]
[EventCountry "GER"]
[SourceTitle "CBM 195 Extra"]
[Source "ChessBase"]
[SourceDate "2020.05.31"]
[SourceVersion "1"]
[SourceVersionDate "2020.05.31"]
[SourceQuality "1"]

1. e4 d5 2. exd5 Nf6 3. d4 Bg4 4. Be2 Bxe2 5. Nxe2 Qxd5 6. 0-0 Nc6 7. Be3 0-0-0 8. Qc1 e5 9. c4 Qd7 10. d5 Nd4 11. Nxd4 exd4 12. Bxd4 Qg4 13. Be3 Bd6 14. h3 Qg6 15. a4 Kb8 16. Nc3 Rhe8 17. Bf4 Bxf4 18. Qxf4 Ne4 19. Nb5 Rd7 20. Rfe1 a6 21. Nc3 Rde7 22. Re3 Nxf2 23. Rg3 Nxh3+ 24. Rxh3 Re1+ 25. Rxe1 Rxe1+ 26. Kh2 f5 27. Re3 Rxe3 28. Qxe3 Qd6+ 29. Kg1 h6 30. c5 Qf6 31. Qe6 1-0

[Event "GER-ch Net Amateur Gr-A Vor3"]
[Site "Playchess.com INT"]
[Date "2020.04.16"]
[Round "6"]
[White "Wagner, Rainer"]
[Black "Bausch, Thomas"]
[Result "1-0"]
[WhiteElo "1805"]
[BlackElo "1958"]
[PlyCount "95"]
[EventDate "2020.04.16"]
[EventType "swiss (blitz)"]
[EventRounds "9"]
[EventCountry "GER"]
[SourceTitle "CBM 195 Extra"]
[Source "ChessBase"]
[SourceDate "2020.05.31"]
[SourceVersion "1"]
[SourceVersionDate "2020.05.31"]
[SourceQuality "1"]

1. d4 d6 2. c4 Nf6 3. Nc3 g6 4. e4 Bg7 5. h3 0-0 6. Be3 e5 7. d5 c6 8. Nf3 cxd5 9. cxd5 Nbd7 10. Be2 Qa5 11. 0-0 Nc5 12. Nd2 Ncd7 13. a3 Qd8 14. b4 Qe7 15. Rc1 h6 16. Nb5 Nxe4 17. Nxe4 f5 18. Nexd6 f4 19. Bc5 Nxc5 20. bxc5 e4 21. Bg4 Bxg4 22. Qxg4 Kh7 23. Rce1 a6 24. Rxe4 Qd8 25. Nd4 Bxd4 26. Rxd4 b6 27. Rxf4 bxc5 28. Rxf8 Qxf8 29. Qd7+ Qg7 30. Qxg7+ Kxg7 31. Ne4 c4 32. Rc1 Rc8 33. Nd6 Rc5 34. Rxc4 Rxd5 35. Rc7+ Kf6 36. Ne4+ Ke5 37. f3 Kd4 38. Rc6 Ra5 39. Rxg6 Rxa3 40. Rxh6 Ke3 41. Kh2 a5 42. Ra6 Ra1 43. h4 a4 44. h5 Ke2 45. h6 Kf1 46. h7 Ra2 47. Rg6 a3 48. h8Q 1-0

[Event "GER-ch Net Amateur Gr-A Vor1"]
[Site "Playchess.com INT"]
[Date "2020.04.14"]
[Round "1"]
[White "Bardorz, Jana"]
[Black "Bausch, Thomas"]
[Result "0-1"]
[WhiteElo "1761"]
[BlackElo "2033"]
[PlyCount "94"]
[EventDate "2020.04.14"]
[EventType "swiss (blitz)"]
[EventRounds "9"]
[EventCountry "GER"]
[SourceTitle "EXT 2021"]
[Source "ChessBase"]
[SourceDate "2020.10.23"]
[SourceVersion "1"]
[SourceVersionDate "2020.10.23"]
[SourceQuality "1"]

1. e4 c6 2. d4 d5 3. exd5 cxd5 4. Bd3 Nc6 5. c3 g6 6. Nf3 Bg7 7. 0-0 Nf6 8. Bf4 0-0 9. Nbd2 Nh5 10. Bg3 Nxg3 11. hxg3 Bg4 12. Re1 Re8 13. Qc2 Qd7 14. Nh4 Rac8 15. f3 Be6 16. f4 Nxd4 17. Qb1 Nf5 18. Ndf3 Nxg3 19. Ne5 Qc7 20. Kh2 Ne4 21. Bxe4 dxe4 22. Qxe4 Rcd8 23. Rad1 Rxd1 24. Rxd1 Rd8 25. Rxd8+ Qxd8 26. f5 Bxf5 27. Nxf5 gxf5 28. Qxf5 Bxe5+ 29. Qxe5 Qd6 30. Qxd6 exd6 31. Kg3 Kg7 32. Kf4 Kf6 33. Ke4 Ke6 34. g4 h6 35. c4 f5+ 36. gxf5+ Kf6 37. Kf4 h5 38. b4 h4 39. Kg4 h3 40. Kxh3 Kxf5 41. Kg3 Ke4 42. c5 dxc5 43. bxc5 Kd4 44. Kf3 Kxc5 45. Ke3 Kb4 46. Kd3 Ka3 47. Kc3 Kxa2 0-1

[Event "GER-ch Net Amateur Gr-A Vor1"]
[Site "Playchess.com INT"]
[Date "2020.04.14"]
[Round "4"]
[White "Bausch, Thomas"]
[Black "Jahnz, Fabian"]
[Result "0-1"]
[WhiteElo "2022"]
[BlackElo "1964"]
[PlyCount "136"]
[EventDate "2020.04.14"]
[EventType "swiss (blitz)"]
[EventRounds "9"]
[EventCountry "GER"]
[SourceTitle "EXT 2021"]
[Source "ChessBase"]
[SourceDate "2020.10.23"]
[SourceVersion "1"]
[SourceVersionDate "2020.10.23"]
[SourceQuality "1"]

1. e4 d5 2. exd5 Qxd5 3. Nc3 Qd8 4. d4 Nf6 5. h3 g6 6. Bc4 Bg7 7. Nf3 0-0 8. 0-0 Nc6 9. d5 Na5 10. Be2 c6 11. dxc6 Nxc6 12. Qxd8 Rxd8 13. Be3 Bf5 14. Rac1 Nd5 15. Nxd5 Rxd5 16. c3 Rad8 17. Rfd1 b6 18. Rxd5 Rxd5 19. Rd1 Rxd1+ 20. Bxd1 Na5 21. Be2 Be6 22. a3 h6 23. b4 Nc4 24. Bxc4 Bxc4 25. Nd4 Kf8 26. a4 a5 27. b5 Ke8 28. Nc6 Bb3 29. Bxb6 Bxa4 30. c4 Kd7 31. Nxa5 Bc3 32. Nb7 Bc2 33. c5 Ba4 34. c6+ Kc8 35. Nd8 f5 36. Nf7 Bg7 37. c7 Bxb5 38. Nd8 Be5 39. Ne6 Bd7 40. Nc5 Bxc7 41. Bxc7 Kxc7 42. Nd3 Kd6 43. Kf1 e5 44. Ke1 Bb5 45. Nc1 Bc4 46. Kd2 Kd5 47. Ke3 f4+ 48. Kd2 e4 49. g3 g5 50. h4 Kd4 51. gxf4 gxf4 52. Ke1 Kc3 53. h5 Kc2 54. Ne2 Bxe2 55. Kxe2 Kc3 56. Kf1 Kd2 57. Kg2 Ke2 58. Kg1 f3 59. Kh2 Kxf2 60. Kh3 e3 61. Kh4 e2 62. Kg4 e1Q 63. Kf5 Qb4 64. Kg6 Qd6+ 65. Kh7 Qf6 66. Kg8 Qe7 67. Kh8 Ke3 68. Kg8 Kf4 0-1

[Event "GER-ch Net Amateur Gr-A Vor1"]
[Site "Playchess.com INT"]
[Date "2020.04.14"]
[Round "7"]
[White "Fromm, Marius"]
[Black "Bausch, Thomas"]
[Result "1/2-1/2"]
[WhiteElo "1968"]
[BlackElo "2022"]
[PlyCount "123"]
[EventDate "2020.04.14"]
[EventType "swiss (blitz)"]
[EventRounds "9"]
[EventCountry "GER"]
[SourceTitle "EXT 2021"]
[Source "ChessBase"]
[SourceDate "2020.10.23"]
[SourceVersion "1"]
[SourceVersionDate "2020.10.23"]
[SourceQuality "1"]

1. Nf3 c5 2. c4 Nc6 3. Nc3 g6 4. e3 Nf6 5. d4 cxd4 6. exd4 d5 7. cxd5 Nxd5 8. Qb3 Nxc3 9. Bc4 e6 10. bxc3 Bg7 11. Ba3 Bf8 12. Bxf8 Kxf8 13. Bd3 Kg7 14. 0-0 b6 15. Be4 Bb7 16. Bxc6 Bxc6 17. Ne5 Qd5 18. f3 Rac8 19. Rac1 f6 20. Nxc6 Rxc6 21. Rfe1 Kf7 22. Qa4 Rc7 23. Red1 Rhc8 24. c4 Qa5 25. Qxa5 bxa5 26. c5 e5 27. dxe5 fxe5 28. Rd5 Ke6 29. Rd6+ Ke7 30. Ra6 Rxc5 31. Rxa7+ Ke6 32. Rxc5 Rxc5 33. Rxh7 Rc1+ 34. Kf2 Rc2+ 35. Kg3 Rxa2 36. Rg7 Kf6 37. Ra7 a4 38. h4 a3 39. Ra6+ Kf5 40. Ra4 Ra1 41. Kf2 a2 42. Kg3 Ke6 43. Kg4 Kd5 44. Kg5 Kc5 45. Kxg6 Kb5 46. Ra8 Kb4 47. Kf5 Kb3 48. Rb8+ Kc3 49. Ra8 Kb3 50. Kxe5 Rh1 51. g4 Rxh4 52. Kf5 Rh3 53. f4 Kb2 54. Rxa2+ Kxa2 55. g5 Kb3 56. g6 Kc4 57. Ke6 Kd4 58. f5 Rg3 59. Kf7 Ke5 60. g7 Kxf5 61. g8Q Rxg8 62. Kxg8 1/2-1/2

[Event "Mittelrhein Verbandsliga Nord 1920"]
[Site "Mittelrhein"]
[Date "2020.02.16"]
[Round "6.1"]
[White "Schalow, Daniel"]
[Black "Bausch, Thomas"]
[Result "1-0"]
[WhiteElo "1993"]
[BlackElo "2108"]
[PlyCount "81"]
[EventDate "2019.09.29"]
[EventType "team-tourn"]
[EventRounds "9"]
[EventCountry "GER"]
[SourceTitle "EXT 2023"]
[Source "ChessBase"]
[SourceDate "2022.10.05"]
[SourceVersion "1"]
[SourceVersionDate "2022.10.05"]
[SourceQuality "1"]
[WhiteTeam "Monheim/Baumberg"]
[BlackTeam "Pulheim"]
[WhiteTeamCountry "GER"]
[BlackTeamCountry "GER"]

1. c4 e5 2. Nc3 Nf6 3. Nf3 Nc6 4. e4 Bb4 5. Qc2 d6 6. a3 Bxc3 7. bxc3 0-0 8. Be2 Ne7 9. d4 Ng6 10. 0-0 Re8 11. Bd3 c5 12. h3 Nh5 13. Be3 b6 14. Kh2 Nhf4 15. Rfe1 Nh4 16. Nxh4 Qxh4 17. Bf1 Qf6 18. g3 Ne6 19. Bg2 Bd7 20. d5 Nf8 21. Qd2 Qg6 22. f4 f6 23. f5 Qf7 24. h4 b5 25. Bf1 Rab8 26. Rab1 bxc4 27. Bxc4 Ba4 28. g4 Qc7 29. g5 Rxb1 30. Rxb1 Nd7 31. Rg1 Rb8 32. Qe2 Rb7 33. Rg2 Qd8 34. Qh5 Qf8 35. Qg4 Qd8 36. h5 fxg5 37. Bxg5 Nf6 38. Qh4 Kf7 39. h6 gxh6 40. Qxh6 Rb2 41. Rxb2 1-0

[Event "Mittelrhein Verbandsliga-W 18/19"]
[Site "Nordrheinwestfalen"]
[Date "2019.02.10"]
[Round "7.1"]
[White "Mandt, Mathias"]
[Black "Bausch, Thomas"]
[Result "1/2-1/2"]
[WhiteElo "2027"]
[BlackElo "2115"]
[PlyCount "128"]
[EventDate "2018.09.02"]
[EventType "team-tourn"]
[EventRounds "11"]
[EventCountry "GER"]
[SourceTitle "EXT 2022"]
[Source "ChessBase"]
[SourceDate "2021.10.06"]
[SourceVersion "1"]
[SourceVersionDate "2021.10.06"]
[SourceQuality "1"]
[WhiteTeam "Koeln Lasker II"]
[BlackTeam "Pulheim"]
[WhiteTeamCountry "GER"]
[BlackTeamCountry "GER"]

1. d4 Nf6 2. Bg5 d5 3. e3 c5 4. dxc5 Nc6 5. Nc3 e6 6. Nf3 Bxc5 7. Bb5 Bd7 8. 0-0 h6 9. Bh4 g5 10. Bg3 Nh5 11. e4 Nxg3 12. hxg3 d4 13. Na4 Qe7 14. Bxc6 Bxc6 15. Nxc5 Qxc5 16. Qxd4 Qxd4 17. Nxd4 Bxe4 18. Rfe1 Bd5 19. Rad1 0-0-0 20. b3 a6 21. c4 Bc6 22. Nxc6 bxc6 23. f3 Kc7 24. Kf2 Kb6 25. b4 c5 26. a3 cxb4 27. axb4 Rxd1 28. Rxd1 Kc6 29. Ra1 Kb6 30. g4 Rd8 31. Ke3 e5 32. Ra5 Rd4 33. c5+ Kb7 34. c6+ Kb6 35. Rc5 Kc7 36. b5 axb5 37. Rxb5 f6 38. Rb7+ Kxc6 39. Rh7 Kd6 40. Rxh6 Ke6 41. Rh1 Ra4 42. Kf2 Ra2+ 43. Kg3 Re2 44. Ra1 e4 45. fxe4 Rxe4 46. Ra6+ Kf7 47. Kf3 Rb4 48. Ra7+ Kg6 49. Ra5 Rb3+ 50. Kf2 Rd3 51. Ra7 Rd8 52. Kf3 Rf8 53. Ra6 Rf7 54. Rb6 Rd7 55. Ra6 Kf7 56. Ra3 Rb7 57. Re3 Rb5 58. Kg3 Re5 59. Ra3 Rd5 60. Re3 Rd1 61. Kf2 Rd6 62. Kf3 Re6 63. Ra3 Ke7 64. Ra7+ Kd8 1/2-1/2

[Event "Mittelrhein Verbandsliga-W 18/19"]
[Site "Nordrheinwestfalen"]
[Date "2018.09.02"]
[Round "1.1"]
[White "Cornelius, Jorg"]
[Black "Bausch, Thomas"]
[Result "1/2-1/2"]
[WhiteElo "1943"]
[BlackElo "2117"]
[PlyCount "52"]
[EventDate "2018.09.02"]
[EventType "team-tourn"]
[EventRounds "11"]
[EventCountry "GER"]
[SourceTitle "EXT 2022"]
[Source "ChessBase"]
[SourceDate "2021.10.06"]
[SourceVersion "1"]
[SourceVersionDate "2021.10.06"]
[SourceQuality "1"]
[WhiteTeam "Uebach Palenberg"]
[BlackTeam "Pulheim"]
[WhiteTeamCountry "GER"]
[BlackTeamCountry "GER"]

1. e4 c5 2. Nc3 Nc6 3. f4 g6 4. Nf3 Bg7 5. g3 d6 6. Bg2 e6 7. 0-0 Nge7 8. d3 0-0 9. Bd2 Rb8 10. Re1 b5 11. a3 a5 12. a4 b4 13. Nb5 Ba6 14. c4 Bxb5 15. axb5 Nd4 16. Be3 Qb6 17. g4 Nxf3+ 18. Qxf3 f5 19. gxf5 gxf5 20. Kh1 Rbd8 21. Qf2 Rd7 22. Rg1 Rc8 23. Bf3 d5 24. Qg2 Ng6 25. Bh5 Nf8 26. e5 dxc4 1/2-1/2

[Event "Mittelrhein Verbandsliga-W 17/18"]
[Site "Nordrheinwestfalen"]
[Date "2018.02.04"]
[Round "7.2"]
[White "Brueggemann, Frank1111"]
[Black "Bausch, Thomas"]
[Result "0-1"]
[WhiteElo "2014"]
[BlackElo "2062"]
[PlyCount "72"]
[EventDate "2017.09.10"]
[EventType "team-tourn"]
[EventRounds "11"]
[EventCountry "GER"]
[SourceTitle "EXT 2022"]
[Source "ChessBase"]
[SourceDate "2021.10.06"]
[SourceVersion "1"]
[SourceVersionDate "2021.10.06"]
[SourceQuality "1"]
[WhiteTeam "Aachen PTSV"]
[BlackTeam "Pulheim"]
[WhiteTeamCountry "GER"]
[BlackTeamCountry "GER"]

1. e4 c6 2. d4 d5 3. e5 Bf5 4. Nf3 e6 5. Be2 Ne7 6. 0-0 h6 7. Nbd2 Nd7 8. c3 g5 9. Ne1 Qc7 10. b4 Bg7 11. Nb3 0-0-0 12. Nd3 f6 13. exf6 Bxf6 14. Ndc5 Nxc5 15. Nxc5 b6 16. Nd3 Bxd3 17. Bxd3 e5 18. a4 e4 19. Be2 Ng6 20. b5 cxb5 21. Bxb5 a5 22. Be3 Kb7 23. Rc1 Qd6 24. c4 dxc4 25. Rxc4 Rc8 26. Qc2 Rxc4 27. Qxc4 Ne7 28. Rc1 Rd8 29. h3 Kb8 30. Qf7 Rc8 31. Rxc8+ Nxc8 32. Ba6 Ne7 33. d5 Ka7 34. Bb5 Be5 35. Bc6 Ka6 36. Qe8 Nxc6 0-1